000 00414nam a2200169Ia 4500
003 GCL
008 140319s9999 xx 000 0 eng d
040 _aGCL /
_cGCL
082 0 4 _a843
_bS M
100 1 _aSAVINIO, ALBERTO
245 1 0 _aLA MAISON HANTEE /
_cSAVINIO, ALBERTO
260 _a[S.N] :
_bFAYARD ،
_c1988
300 _a178 P
650 0 4 _aLITERATURE
650 0 4 _aFRENCH LITERATURE
942 _2ddc
_cBK
999 _c22347
_d22347